50 Opening Lines Quiz Stats

 Plays Quiz Updated Dec 31, 2018

Support Sporcle.
Go Orange.
Score 0/50 Timer 12:00
0 Plays Today
% Correct
The Big Lebowski
91.6%
The Wizard of Oz
88.3%
Black Swan
87.9%
Anchorman: The Legend of Ron Burgundy
87.2%
Forrest Gump
80.3%
Fight Club
79.4%
Oliver!
77.6%
Field of Dreams
77.3%
Citizen Kane
72.5%
Terminator 2: Judgment Day
72.4%
Gone With The Wind
69.7%
Goodfellas
67.5%
Full Metal Jacket
67%
Apocalypse Now
66.9%
Fear and Loathing in Las Vegas
65.6%
The Shawshank Redemption
64.5%
American Beauty
61.2%
V for Vendetta
60.6%
It's A Wonderful Life
60.1%
No Country for Old Men
56.7%
Stand By Me
56%
Wall-E
52.9%
A Clockwork Orange
50.5%
The Muppet Movie
47%
Kick-Ass
46%
% Correct
Manhattan
43.3%
Patton
42.2%
The Lord of the Rings: The Fellowship of the Ring
41.4%
Snatch
41.1%
The Prestige
38%
In Bruges
36.3%
High Fidelity
35.8%
Raging Bull
35.5%
The Godfather
35.1%
Zombieland
34.4%
Rounders
34.3%
The Social Network
33.7%
Reservoir Dogs
33%
Spider-Man
27.9%
Deliverance
25.8%
Rebecca
25.8%
The Departed
25.2%
The Outsiders
22.4%
Million Dollar Baby
20.6%
Kill Bill
18.1%
Sleepers
17%
Notes on a Scandal
15.6%
Sin City
14.5%
Casino
13.3%
Chinatown
12.2%

From the Vault

Augustus or Nawgustus?

by BillyJoelRulez

History 5m
Augustus became emperor before it was cool.
Remove Ads.
Support Sporcle.
Get the best of Sporcle when you Go Orange. This ad-free experience offers more features, more stats, and more fun while also helping to support Sporcle. Thank you for becoming a member.

Show Comments

Extras

Top Quizzes Today


Score Distribution

Your Account Isn't Verified!

In order to create a playlist on Sporcle, you need to verify the email address you used during registration. Go to your Sporcle Settings to finish the process.

Report this User

Report this user for behavior that violates our Community Guidelines.

Details: